FDP-Bundesvorsitzende - Statistiken

Allgemein
  • Dieses Quiz wurde 187 mal gespielt
  • Das Durchschnittsergebnis liegt bei 7 aus 14
Antwortstatistiken
Amtszeit Antwort % Korrekt
2013 - heute Christian Lindner
97%
2001 - 2011 Guido Westerwelle
88%
1974 - 1985 Hans-Dietrich Genscher
80%
2011 - 2013 Phillip Rösler
74%
1968 - 1974 Walter Scheel
70%
1948 - 1949 Theodor Heuss
61%
1993 - 1995 Klaus Kinkel
44%
1988 - 1993 Otto Graf Lambsdorff
39%
1995 - 2001 Wolfgang Gerhardt
35%
1985 - 1988 Martin Bangemann
21%
1954 - 1957 Thomas Dehler
19%
1960 - 1968 Erich Mende
15%
1949 - 1954 Franz Blücher
8%
1957 - 1960 Reinhold Maier
5%
Keine übereinstimmenden Quizze gefunden
Verteilung der Resultate
Anzahl Personen mit jedem Resultat
Perzentil nach korrekt beantworteten Fragen
Ihre Resultats-Entwicklung
Sie haben dieses Quiz noch nicht gespielt